Vzpomínky na jedno dobrodružství : zápisky o argentinském tangu zhotovené señorem donem Robertem Juanem Carlosem Fuljumerem y Suipacha /

Main Author: Fulghum, Robert, 1937-
Other Authors: Bader, Willow
Language: Czech
Published: Praha : Argo, 2013
Edition: Vyd. 1.
Online Access: Digitalizovaný dokument
Physical Description: 177 s. : barev. il. ; 24 cm
Book
Saved in:
LEADER 01578cam a2200385 a 4500
001 nkc20132447865
003 CZ PrNK
005 20260227235007.0
007 ta
008 130513s2013 xr a g 000 fdcze d
015 |a cnb002447865 
020 |a 978-80-257-0832-3  |q (váz.) 
035 |a (OCoLC)859737041 
040 |a KAG503  |b cze  |d ULG001  |d OLA001 
041 1 |a cze  |h eng 
072 7 |a 821.111(73)-3  |x Americká próza  |2 Konspekt  |9 25 
080 |a 821.111(73)-3  |2 MRF 
080 |a (0:82-3)  |2 MRF 
100 1 |a Fulghum, Robert,  |d 1937-  |7 jn19990002496  |4 aut 
245 1 0 |a Vzpomínky na jedno dobrodružství :  |b zápisky o argentinském tangu zhotovené señorem donem Robertem Juanem Carlosem Fuljumerem y Suipacha /  |c Robert Fulghum ; ilustrovala Willow Baderová ; přeložili Lenka Fárová a Jiří Hrubý 
250 |a Vyd. 1. 
260 |a Praha :  |b Argo,  |c 2013 
300 |a 177 s. :  |b barev. il. ;  |c 24 cm 
500 |a Přeloženo z angličtiny 
655 7 |a americké prózy  |7 fd131794  |2 czenas 
655 9 |a American prose  |2 eczenas 
700 1 |a Bader, Willow  |7 osa2011664252  |4 ill 
765 0 |t Memoir of an adventure  |9 Česky 
856 4 1 |u http://www.digitalniknihovna.cz/mzk/uuid/uuid:f42fc75f-027f-11f1-8409-f25287f88ed6  |y Digitalizovaný dokument  |x NDK 
910 2 |a BOA001  |b 2-1307.755 
990 |a BK 
995 |a 01 
991 |b 201308  |e b 
996 6 |b 2610559997  |c 2-1307.755  |l MZK  |r Sklad / do 1 hodiny  |n 1  |p p.v.  |w 001355165  |u 000010  |a 1  |e BOA001  |j MZK50  |s P 
996 7 |b 2610570883  |c 2-1307.755  |l MZK  |r Sklad / do 1 hodiny  |n 12  |p kup  |w 001355165  |u 000020  |a 1  |e BOA001  |j MZK50  |s A